000 00674nam a2200253Ia 4500
003 OSt
005 20221005081127.0
006 a|||||r|||| 00| 0
007 ta
008 221004b |||||||| |||| 00| 0 eng d
024 _a68919
037 _cTextual
040 _aCRL
_cCRL
_beng
041 _2eng
_aeng
082 _aY:1.237, f95[N0]
100 _aKhullar Rupinder
_939441
245 0 _aGolden Rajasthan
260 _aNew Delhi
_bPrakash N D
_c1990
300 _a112p.
_ccm.
650 _aSOCIOLOGY
700 _a Kishore Singh
_9610844
942 _hY:1.237, f95[N0]
_cTEXL
_2cc
999 _c987211
_d987211